<?xml version="1.0" encoding="UTF-8"?>
<record
    xmlns:xsi="http://www.w3.org/2001/XMLSchema-instance"
    xsi:schemaLocation="http://www.loc.gov/MARC21/slim http://www.loc.gov/standards/marcxml/schema/MARC21slim.xsd"
    xmlns="http://www.loc.gov/MARC21/slim">

  <leader>00931nam a2200229Ia 4500</leader>
  <controlfield tag="003">IN-BaIIA</controlfield>
  <controlfield tag="008">211028s9999    xx            000 0 eng d</controlfield>
  <datafield tag="040" ind1=" " ind2=" ">
    <subfield code="c">IIA Library</subfield>
  </datafield>
  <datafield tag="080" ind1=" " ind2=" ">
    <subfield code="a">523.42:43</subfield>
    <subfield code="b">THE</subfield>
  </datafield>
  <datafield tag="111" ind1=" " ind2=" ">
    <subfield code="a">Conference on the atmospheres of venus and mars</subfield>
    <subfield code="c">Arizona</subfield>
    <subfield code="d">1967 Feb. 28 to Mar. 2</subfield>
    <subfield code="9">5727</subfield>
  </datafield>
  <datafield tag="245" ind1=" " ind2="4">
    <subfield code="a">The atmospheres of venus and mars</subfield>
    <subfield code="b">proceedings of the symposium held in Tucson, Arizona from February 28 to March 2, 1967</subfield>
    <subfield code="c">edited by John C. Brandt and Michael B. Mcelroy                                                </subfield>
  </datafield>
  <datafield tag="260" ind1=" " ind2=" ">
    <subfield code="a">New York</subfield>
    <subfield code="b">Gordon and Breach Science</subfield>
    <subfield code="c">1968</subfield>
  </datafield>
  <datafield tag="300" ind1=" " ind2=" ">
    <subfield code="a">viii, 288p.</subfield>
  </datafield>
  <datafield tag="650" ind1=" " ind2=" ">
    <subfield code="a">Astronomy and astrophysics thesaurus</subfield>
  </datafield>
  <datafield tag="650" ind1=" " ind2=" ">
    <subfield code="a">Planet mars</subfield>
    <subfield code="9">1263</subfield>
  </datafield>
  <datafield tag="650" ind1=" " ind2=" ">
    <subfield code="a">Planetary atmospheres</subfield>
    <subfield code="9">5728</subfield>
  </datafield>
  <datafield tag="650" ind1=" " ind2=" ">
    <subfield code="a">Venus</subfield>
    <subfield code="9">1328</subfield>
  </datafield>
  <datafield tag="700" ind1=" " ind2=" ">
    <subfield code="a">Brandt, John C., ed.</subfield>
    <subfield code="9">5729</subfield>
  </datafield>
  <datafield tag="700" ind1=" " ind2=" ">
    <subfield code="a">Mcelroy, Michael B., ed.</subfield>
    <subfield code="9">5730</subfield>
  </datafield>
  <datafield tag="710" ind1=" " ind2=" ">
    <subfield code="a">Kitt Peak National Observatory</subfield>
    <subfield code="9">5731</subfield>
  </datafield>
  <datafield tag="942" ind1=" " ind2=" ">
    <subfield code="c">BK</subfield>
  </datafield>
  <datafield tag="999" ind1=" " ind2=" ">
    <subfield code="c">3225</subfield>
    <subfield code="d">3225</subfield>
  </datafield>
  <datafield tag="952" ind1=" " ind2=" ">
    <subfield code="0">0</subfield>
    <subfield code="1">0</subfield>
    <subfield code="4">0</subfield>
    <subfield code="7">0</subfield>
    <subfield code="a">BAN</subfield>
    <subfield code="b">BAN</subfield>
    <subfield code="c">GEN</subfield>
    <subfield code="d">1969-03-21</subfield>
    <subfield code="g">103.75</subfield>
    <subfield code="l">0</subfield>
    <subfield code="o">523.42:43/ THE</subfield>
    <subfield code="p">3583</subfield>
    <subfield code="r">2021-11-05</subfield>
    <subfield code="v">103.75</subfield>
    <subfield code="w">1969-03-21</subfield>
    <subfield code="y">BK</subfield>
    <subfield code="G">Rs. 103.75</subfield>
  </datafield>
</record>
